Hollow Knight Bosses By Picture - Statistics

General Stats
  • This quiz has been taken 126 times
  • The average score is 14 of 16
Answer Stats
Picture Answer % Correct
Hollow Knight
100%
Nightmare King Grimm
98%
Grimm
97%
Absolute Radiance
96%
False Knight
94%
Pure Vessel
93%
Grey Prince Zote
92%
Hive Knight
90%
Traitor Lord
89%
White Defender
89%
Soul Master
84%
Vengefly King
82%
No Eyes
81%
Markoth
76%
Paintmaster Sheo
74%
God Tamer
71%
No matching quizzes found
Score Distribution
Percent of People with Each Score
Percentile by Number Answered
Your Score History
You have not taken this quiz